Master the basics--English / (Record no. 729)
[ view plain ]
| 000 -LEADER | |
|---|---|
| fixed length control field | 01370cam a2200373 a 4500 |
| 001 - CONTROL NUMBER | |
| control field | 14370477 |
| 003 - CONTROL NUMBER IDENTIFIER | |
| control field | OSt |
| 005 - DATE AND TIME OF LATEST TRANSACTION | |
| control field | 20140415152512.0 |
| 008 - FIXED-LENGTH DATA ELEMENTS--GENERAL INFORMATION | |
| fixed length control field | 060509s2006 nyu 001 0 eng |
| 010 ## - LIBRARY OF CONGRESS CONTROL NUMBER | |
| LC control number | 2006015564 |
| 020 ## - INTERNATIONAL STANDARD BOOK NUMBER | |
| International Standard Book Number | 0764135465 |
| 020 ## - INTERNATIONAL STANDARD BOOK NUMBER | |
| International Standard Book Number | 9780764135460 |
| 035 ## - SYSTEM CONTROL NUMBER | |
| System control number | (OCoLC)ocm68694261 |
| 035 ## - SYSTEM CONTROL NUMBER | |
| System control number | (OCoLC)68694261 |
| 040 ## - CATALOGING SOURCE | |
| Original cataloging agency | DLC |
| Transcribing agency | DLC |
| Modifying agency | YDX |
| -- | BAKER |
| -- | VP@ |
| -- | DLC |
| 050 00 - LIBRARY OF CONGRESS CALL NUMBER | |
| Classification number | PE 1128 |
| Item number | .Y36 2006 |
| 082 00 - DEWEY DECIMAL CLASSIFICATION NUMBER | |
| Classification number | TR 428.2420 |
| Item number | Y2 2006 |
| 100 1# - MAIN ENTRY--PERSONAL NAME | |
| Personal name | Yates, Jean. |
| 9 (RLIN) | 903 |
| 245 10 - TITLE STATEMENT | |
| Title | Master the basics--English / |
| Statement of responsibility, etc | Jean Yates. |
| 250 ## - EDITION STATEMENT | |
| Edition statement | 2nd ed. |
| 260 ## - PUBLICATION, DISTRIBUTION, ETC. (IMPRINT) | |
| Place of publication, distribution, etc | Hauppauge, N.Y. : |
| Name of publisher, distributor, etc | Barron's Educational Series, |
| Date of publication, distribution, etc | c2006. |
| 300 ## - PHYSICAL DESCRIPTION | |
| Extent | x, 341 p. ; |
| Dimensions | 23 cm. |
| 440 #0 - SERIES STATEMENT/ADDED ENTRY--TITLE | |
| Title | Master the basics series |
| 9 (RLIN) | 904 |
| 500 ## - GENERAL NOTE | |
| General note | Includes index. |
| 562 ## - COPY AND VERSION IDENTIFICATION NOTE | |
| Number of copies | In circulation. One copy available in the collection |
| 650 #0 - SUBJECT ADDED ENTRY--TOPICAL TERM | |
| Topical term or geographic name as entry element | English language |
| Form subdivision | Textbooks for foreign speakers. |
| 9 (RLIN) | 905 |
| 650 #0 - SUBJECT ADDED ENTRY--TOPICAL TERM | |
| Topical term or geographic name as entry element | English language |
| General subdivision | Grammar |
| Form subdivision | Problems, exercises, etc. |
| 9 (RLIN) | 906 |
| 856 41 - ELECTRONIC LOCATION AND ACCESS | |
| Materials specified | Table of contents only |
| Uniform Resource Identifier | <a href="http://www.loc.gov/catdir/toc/ecip0613/2006015564.html">http://www.loc.gov/catdir/toc/ecip0613/2006015564.html</a> |
| 856 42 - ELECTRONIC LOCATION AND ACCESS | |
| Materials specified | Publisher description |
| Uniform Resource Identifier | <a href="http://www.loc.gov/catdir/enhancements/fy0664/2006015564-d.html">http://www.loc.gov/catdir/enhancements/fy0664/2006015564-d.html</a> |
| 906 ## - LOCAL DATA ELEMENT F, LDF (RLIN) | |
| a | 7 |
| b | cbc |
| c | orignew |
| d | 1 |
| e | ecip |
| f | 20 |
| g | y-gencatlg |
| 942 ## - ADDED ENTRY ELEMENTS (KOHA) | |
| Source of classification or shelving scheme | Library of Congress Classification |
| Koha item type | Books |
| Withdrawn status | Lost status | Source of classification or shelving scheme | Damaged status | Home library | Current library | Shelving location | Date acquired | Total Checkouts | Full call number | Barcode | Date last seen | Copy number | Price effective from | Koha item type |
|---|---|---|---|---|---|---|---|---|---|---|---|---|---|---|
| Library of Congress Classification | Luxembourg Library | Luxembourg Library | Teachers Reference Section | 03/24/2012 | PE 1128 .Y36 2006 | 18535 | 08/13/2013 | 1 | 10/03/2013 | Books |